পরমানু ও কেন্দ্রীন = Atomic and nuclear physics / (Record no. 47944)
[ view plain ]
| 000 -LEADER | |
|---|---|
| fixed length control field | 00856nam a2200217 a 4500 |
| 001 - CONTROL NUMBER | |
| control field | 47944 |
| 003 - CONTROL NUMBER IDENTIFIER | |
| rucl marc code | BD-RjUL |
| 005 - DATE AND TIME OF LATEST TRANSACTION | |
| control field | 20211209054428.0 |
| 008 - FIXED-LENGTH DATA ELEMENTS--GENERAL INFORMATION | |
| fixed length control field | 160811s1975 ii a|||| |||| 00| 0 ben d |
| 035 ## - SYSTEM CONTROL NUMBER | |
| System control number | (BD-RjUL)48063 |
| 040 ## - CATALOGING SOURCE | |
| Original cataloging agency | BD-RjUL |
| Language of cataloging | ben |
| Transcribing agency | BD-RjUL |
| 041 ## - LANGUAGE CODE | |
| Language code of text/sound track or separate title | ben |
| 082 ## - DEWEY DECIMAL CLASSIFICATION NUMBER | |
| Edition number | 23 |
| Classification number | B 539 |
| Author mark and year | BAP 1975 |
| 100 ## - MAIN ENTRY--PERSONAL NAME | |
| Personal name | বন্দ্যোপাধ্যায়, দেবাদাস |
| 9 (RLIN) | 145487 |
| 245 ## - TITLE STATEMENT | |
| Title | পরমানু ও কেন্দ্রীন = Atomic and nuclear physics / |
| Statement of responsibility, etc. | দেবাদাস বন্দ্যোপাধ্যায় |
| 260 ## - PUBLICATION, DISTRIBUTION, ETC. (IMPRINT) | |
| Place of publication, distribution, etc. | কলকাতা : |
| Name of publisher, distributor, etc. | পশ্চিমবঙ্গ রাজ্য পুস্তক, |
| Date of publication, distribution, etc. | ১৯৭৫. |
| 300 ## - PHYSICAL DESCRIPTION | |
| Pagination | ৪৮৬ পৃ. : |
| Illustrations | চিত্র ; |
| Size | ২১ সেমি. |
| 650 ## - SUBJECT ADDED ENTRY--TOPICAL TERM | |
| Topical term or geographic name as entry element | পদার্থ |
| 9 (RLIN) | 145488 |
| Topical term or geographic name as entry element | Physics |
| 9 (RLIN) | 145489 |
| 942 ## - ADDED ENTRY ELEMENTS (KOHA) | |
| Source of classification or shelving scheme | Dewey Decimal Classification |
| Koha item type | Books |
| Lost status | Source of classification or shelving scheme | Damaged status | Not for loan | Collection code | Permanent Location | Current Location | Shelving location | Date acquired | Source of acquisition | Total Checkouts | Full call number | Date last seen | Copy number | Koha item type |
|---|---|---|---|---|---|---|---|---|---|---|---|---|---|---|
| Dewey Decimal Classification | Non-fiction | Central Library, University of Rajshahi | Central Library, University of Rajshahi | 05/04/1982 | India Int. | B 539 BAP 1975 | 11/08/2016 | C-2 | Books |